Every Aidan Bissett Song - Statistics

General Stats
  • This quiz has been taken 14 times
    13 since last reset
  • The average score is 14 of 34
Answer Stats
Hint Answer % Correct
I'm Alright If You're Okay - EP Tripping Over Air
78%
shut up and love me 2 much 2 handle
67%
Single Grocery Store Girl
67%
Supernova Planet
67%
shut up and love me ricochet
67%
shut up and love me are we in love yet?
56%
shut up and love me bloodtype
56%
shut up and love me my funeral
56%
I'm Alright If You're Okay - EP Twenty Something
56%
Supernova Ultraviolet
56%
shut up and love me when I die
56%
I'm Alright If You're Okay - EP All That I'm Craving
44%
shut up and love me are you curious?
44%
I'm Alright If You're Okay - EP A Song For Her
44%
Supernova Bloom
44%
shut up and love me contact high
44%
shut up and love me dance around it
44%
Supernova People Pleaser
44%
shut up and love me reading into it
44%
shut up and love me something in the way you say my name
44%
Single Stuck On Us
44%
shut up and love me weak end
44%
Single Communication
33%
Single Different
33%
Single More Than Friends
33%
shut up and love me obvious
33%
Supernova Sick
22%
Single So High
22%
Single Worst Girls Of All Time
22%
Single Dumped
11%
Supernova How's It Gonna End?
11%
I'm Alright If You're Okay - EP I Can't Be Your Friend
11%
Supernova Out Of My League
11%
Supernova Wish It Was Me
11%
No matching quizzes found
Score Distribution
Percent of People with Each Score
Percentile by Number Answered
Your Score History
You have not taken this quiz since the last reset